000 00564nam a22001937a 4500
005 20230215072859.0
008 230215b |||||||| |||| 00| 0 eng d
020 _a1-84665-114-x
082 _aFic. D548o 2006
100 _aDickens, Charles
_eauthor
245 _aOliver twist /
_cCharles Dickens
250 _a1st ed.
260 _aLondon:
_bCharles Baker Books,
_cc2006
300 _a136p.:
_bcol. ill.
541 _e4934 c.1, 4935 c.2
650 _aOrphan - Juvenile fiction
650 _aPoverty - Juvenile fiction
650 _aCriminals - Juvenile fiction
999 _c1128
_d1128